000 00524nam a2200181Ia 4500
008 120723t1979 xxu||||| |||| 00| 0 sin d
041 _asin
080 _a8-31
_bCHE
100 _aChekov , Anton
245 _aහයේ වාට්ටුව සහ තුන් අවුරුද්ද
246 _aHaye Wattuwa saha Tun Aurudda
260 _aLake House
_aColombo
_c1979
300 _b150p, 21 cm
700 _aKuranage , Padma Harsha
_etr.
942 _cBK
999 _c39736
_d39736
003 LK-CoDNM
040 _aLK-CoDNM
_dLK-CoDNM
_eLK-CoDNM